[Event "EUYCC 2022 - U14"]
yit??"]
[Date "2022.08.22"]
[Round "1.3"]
[White "Sigut, Ondrej"]
[Black "Desarmaux-Do, Yanis-Huy"]
[Result "0-1"]
[WhiteElo "1495"]
[BlackElo "1935"]
[PlyCount "108"]
[EventDate "2022.??.??"]

1. e4 c5 2. Nf3 Nc6 3. Bb5 d6 4. O-O Bd7 5. c3 Nf6 6. Re1 a6 7. Bxc6 Bxc6 8.
Qc2 Rc8 9. d4 cxd4 10. Nxd4 g6 11. Bg5 Bg7 12. Nd2 O-O 13. N2f3 e5 14. Nxc6
bxc6 15. Rad1 Qc7 16. Rd2 Rcd8 17. Red1 Rd7 18. h3 h6 19. Bxf6 Bxf6 20. c4 Rfd8
21. Qc3 Bg7 22. Qa3 a5 23. Qc3 Kh7 24. Rd3 Qa7 25. Qa3 Qc7 26. R1d2 d5 27. cxd5
cxd5 28. Rxd5 Rxd5 29. Rxd5 Rxd5 30. exd5 Qc1+ 31. Kh2 e4 32. Ng1 Be5+ 33. Kh1
Qd2 34. Qe3 Qxd5 35. b3 Bd6 36. Ne2 Bc5 37. Qf4 Bd6 38. Qe3 Qe5 39. g3 Bc5 40.
Qf4 Qxf4 41. Nxf4 Bxf2 42. Kg2 Bc5 43. Nd5 Kg7 44. Kf1 f5 45. Ke2 Kf7 46. Kd2
Bd6 47. g4 Ke6 48. Nb6 f4 49. Nc4 Bc7 50. Ke2 Kd5 51. Nd2 Kd4 52. h4 f3+ 53.
Kf1 Kd3 54. Nc4 e3 0-1

[Event "EUYCC 2022 - U14"]
[Site "?"]
[Date "2022.08.24"]
[Round "3.13"]
[White "Sigut, Ondrej"]
[Black "Prokhorova, Arina"]
[Result "1-0"]
yCO??3"]
[WhiteElo "1495"]
[BlackElo "1086"]
[PlyCount "77"]
[EventDate "2022.??.??"]

1. e4 c6 2. d4 d5 3. exd5 cxd5 4. c3 Bf5 5. Nf3 Nc6 6. Qb3 Rb8 7. Bf4 Na5 8.
Bb5+ Bd7 9. Qa4 Bxb5 10. Qxb5+ Nc6 11. Bxb8 Qxb8 12. Qxd5 Nf6 13. Qb3 e6 14.
O-O Bd6 15. Nbd2 O-O 16. Rfe1 e5 17. dxe5 Nxe5 18. Nxe5 Bxe5 19. Nf3 Bd6 20.
Rad1 Ng4 21. h3 Nf6 22. Rd3 b6 23. Nd4 Nd7 24. Nc6 Qc7 25. Qd5 Bh2+ 26. Kh1 Nf6
27. Ne7+ Kh8 28. Qc6 Qxc6 29. Nxc6 Bb8 30. Nxb8 Rxb8 31. Red1 h6 32. Rd8+ Rxd8
33. Rxd8+ Kh7 34. Ra8 a5 35. Rb8 Nd7 36. Rb7 Nc5 37. Rxb6 f6 38. b4 axb4 39.
cxb4 1-0

[Event "EUYCC 2022 - U14"]
yit??"]
[Date "2022.08.26"]
[Round "5.6"]
[White "Page, Noah"]
[Black "Desarmaux-Do, Yanis-Huy"]
[Result "0-1"]
[WhiteElo "1992"]
[BlackElo "1935"]
[PlyCount "58"]
[EventDate "2022.??.??"]

1. e4 c5 2. c3 d5 3. exd5 Qxd5 4. d4 Nc6 5. Nf3 Bf5 6. Be3 Nf6 7. Na3 cxd4 8.
Nxd4 Nxd4 9. Qxd4 Qxd4 10. Bxd4 e5 11. Bxe5 Bxa3 12. bxa3 O-O-O 13. Bd4 Rhe8+
14. Kd1 Ne4 15. Kc1 Re6 16. g3 Rc6 17. Kb2 Nxf2 18. Rg1 Kb8 19. Bb5 Re6 20.
Rgf1 Nd3+ 21. Bxd3 Bxd3 22. Rxf7 Re2+ 23. Kb3 Rc8 24. Rxg7 Bc4+ 25. Ka4 Rb2 26.
Rg5 Rc6 27. Bxa7+ Kxa7 28. Ra5+ Ra6 29. Rxa6+ Kxa6 0-1